Wenn Fussball Klubs Flaggen hätten - Statistiken

Allgemein
  • Dieses Quiz wurde 215 mal gespielt
  • Das Durchschnittsergebnis liegt bei 10 aus 16
Antwortstatistiken
Bildquiz Antwort % Korrekt
FC Bayern München
98%
Paris Saint-Germain
97%
FC Barcelona
94%
Real Madrid
94%
Benfica Lissabon
83%
Celtic Glasgow
79%
FC Kopenhagen
79%
Borussia Dortmund
70%
Manchester United
65%
al-Nassr FC
63%
FC Chelsea
57%
AS Rom
49%
Juventus Turin
41%
Olympique Marseille
39%
Fenerbahçe Istanbul
25%
LA Galaxy
11%
Keine übereinstimmenden Quizze gefunden
Verteilung der Resultate
Anzahl Personen mit jedem Resultat
Perzentil nach korrekt beantworteten Fragen
Ihre Resultats-Entwicklung
Sie haben dieses Quiz noch nicht gespielt